[Event "81st ARM-ch 1st League 2021"]
[Site "Yerevan"]
[Date "2021.02.03"]
[Round "12.7"]
[White "Shahinyan, David"]
[Black "Harutyunian, Tigran K."]
[Result "1/2-1/2"]
[WhiteElo "2452"]
[BlackElo "2549"]
[Annotator "TA"]
[PlyCount "217"]
[EventDate "2021.01.20"]
[EventType "tourn"]
[EventCountry "ARM"]
[SourceTitle "playchess.com"]
[Source "ChessBase"]
[SourceQuality "1"]

{[%evp 16,217,-2,-14,2,-25,0,-38,1,-20,-17,-23,-25,-21,-11,-23,-9,-25,3,-42,-21,-41,-48,-52,-16,-22,-18,-18,-15,-18,-5,-20,-11,-12,-19,-17,-15,-17,-14,-12,-12,-13,-8,-14,-29,-22,-22,-20,-40,-47,-3,-22,0,-28,0,0,0,0,0,0,0,-20,0,-2,-2,-2,-4,-4,0,0,0,0,0,0,0,0,0,-100,-100,-162,-156,-155,-125,-150,-145,-120,-14,-327,-312,-366,-323,-885,-1390,-1432,-1041,-1434,-1395,-1439,-1256,-943,9,-8,0,0,0,0,0,0,0,0,0,0,0,0,0,0,0,0,0,0,0,0,0,0,0,0,0,0,0,0,0,0,0,0,0,0,0,0,0,0,0,0,0,0,0,0,0,0,0,0,0,0,0,0,0,0,0,0,0,0,0,0,0,0,0,0,0,0,0,0,0,0,0,0,0,0,0,0,0,0,0,0,0,0,0,0,0,0,0,0,0,0,0,0,0,0,0,0,0,0,0,0,0,0]} 1. e4 c5 2. Nc3 Nc6 3. g3 g6 4. Bg2 Bg7 5. d3 Rb8 6. Be3 b5 7. Qd2 b4 8. Nd1 d6 9. Ne2 h5 {B26: Closed Sicilian: 3 g3, lines with early Be3.} 10. h3 Nd4 11. Nc1 e6 {Black is slightly better.} 12. c3 Nc6 13. Ne2 Nge7 14. O-O {[#]} Ba6 $146 ({Predecessor:} 14... bxc3 15. bxc3 O-O 16. Bh6 e5 17. Bxg7 Kxg7 18. Ne3 h4 19. f4 exf4 20. Rxf4 hxg3 21. Nxg3 f6 22. Raf1 Ng8 {1-0 (43) Kulesza,M (2246)-Zakrzewski,M (2285) Jastrzebia Gora 2019}) 15. f4 Qb6 16. c4 Nd4 17. Bf2 Nec6 18. Ne3 Nxe2+ 19. Qxe2 Nd4 20. Qd2 Bb7 21. Nc2 {[%cal Be3c2,Bc2e1,Be1f3][%mdl 32]} Nc6 22. Ne1 b3 23. a3 Qa5 24. Qe2 Nd4 25. Bxd4 Bxd4+ 26. Kh1 O-O 27. Nf3 Bg7 28. Rae1 Qd8 29. Qf2 a5 30. Re2 Qf6 31. Qe3 Bh6 32. Qf2 a4 33. Nh2 Qh8 34. e5 dxe5 35. fxe5 Bxg2+ 36. Kxg2 Rbc8 37. g4 Bg7 38. Qe3 hxg4 39. hxg4 Qh4 40. Qe4 Rcd8 41. Nf3 {[#]} f5 $1 42. exf6 Qxf6 43. Nh2 ({Don't play} 43. Qxe6+ Qxe6 44. Rxe6 Bxb2 $17) 43... Qe7 44. Rxf8+ Rxf8 45. Qxg6 Qb7+ 46. Kg1 (46. Kh3 $11 {keeps the balance.}) 46... Qf7 $17 47. Qe4 (47. Qg5 $17) 47... Bd4+ $19 48. Kg2 {[#]} Qf6 49. g5 Qxg5+ 50. Ng4 Kg7 (50... e5 $17 51. Kg3 Rf4 {[%mdl 64] Double Attack} 52. Qd5+ Rf7) 51. Kg3 {[%mdl 8192]} (51. Qxe6 $11 {and White stays safe.} Rd8 52. Qe4) 51... Qf5 52. Qxf5 exf5 {[%mdl 4096] Endgame KRB-KRN} ({Not} 52... Rxf5 53. Kg2 $17) 53. Ne5 (53. Nh2 Kf6 54. Nf3) 53... Re8 54. Kf4 Rxe5 55. Rxe5 Bxb2 56. Rxc5 Bxa3 {KR-KB} 57. Rb5 Be7 $2 ({Black should play} 57... Kf6 $19 58. Rb6+ Ke7) 58. Kxf5 {The position is equal.} a3 (58... Kf7 $5 59. c5 $8 Bxc5 $11) 59. Rxb3 a2 60. Rb7 a1=Q 61. Rxe7+ $11 {KQ-KR} Kf8 62. Re5 Qd4 63. Rd5 Qe3 (63... Qa1 {looks sharper.} 64. Rd6 Qg1 65. Ke6 Ke8 66. Rd5 Qg6+) 64. Kf6 {Rd8+ would kill now.} Qe7+ 65. Kf5 Kf7 66. Kf4 Qe2 67. Rf5+ Ke6 68. Rd5 Qf2+ 69. Ke4 Qe2+ 70. Kd4 Qe1 71. Kc5 Qa1 72. Kb5 Qa3 73. Kb6 Qb4+ 74. Kc6 Qb8 75. Kc5 Qb7 76. Rd6+ Ke5 77. Rd5+ $1 Kf4 78. Kd6 Qb6+ 79. Kd7 Ke3 80. Ke7 (80. Ke8 {is interesting.} Qb7 81. Kd8 Qc6 82. Ke7 Qc7+ 83. Ke6) 80... Qc6 81. Kf7 Qc7+ 82. Ke6 Kf4 83. Rf5+ Ke3 84. Rd5 Qg7 85. Kd6 (85. Rd6 {with more complications.} Ke2 86. Rd5 Qc3 87. Kd6 Qa3+ 88. Kc6) 85... Qf7 86. Kc6 Qe7 87. Kb6 (87. Rd6 {feels hotter.} Kf2 88. Rd5 Qa3 89. Kd7 Ke3 90. Kc8) 87... Kd2 88. Kc6 $1 Kc3 89. Kb6 Kd2 90. Kc6 $1 Qa7 91. Kd6 Ke3 92. Ke6 Qc7 93. Kf6 Qc8 94. Ke7 Kf4 95. Kf7 Qc6 96. Ke7 Qc8 {And now ...Qc7+ would win.} 97. Kf7 Qb7+ 98. Ke6 Qa7 {Threatens to win with ...Qc7.} 99. Rf5+ Kg4 {( -> ...Qb6+)} 100. Rd5 $1 Qc7 (100... Qa1 {looks sharper.} 101. Kd6 Kh3 102. Kc6 Kg3 103. Kd7 Kf4) 101. Kf6 Qa7 {...Kf4 is the strong threat.} 102. Ke6 Qb6+ 103. Kd7 (103. Ke5 {seems wilder.} Kh3 104. Rd6 Qe3+ 105. Kf5 Qf3+ 106. Ke6) 103... Kf4 {Hoping for ...Qa7+.} 104. Ke7 Qa7+ 105. Ke6 Qh7 {White must now prevent ...Qc7.} 106. Kf6 Qh3 {aiming for ...Qh6+.} 107. Rd4+ $1 Ke3 108. Rd5 Kd2 {Strongly threatening ...Qe3.} 109. Ke7 {White happily takes the draw.  Weighted Error Value: White=0.31/Black=0.24} 1/2-1/2

[Event "81st ARM-ch 1st League 2021"]
[Site "Yerevan"]
[Date "2021.02.05"]
[Round "13.1"]
[White "Gharibyan, Mamikon"]
[Black "Babujian, Levon"]
[Result "1/2-1/2"]
[WhiteElo "2432"]
[BlackElo "2440"]
[Annotator "TA"]
[PlyCount "30"]
[EventDate "2021.01.20"]
[EventType "tourn"]
[EventCountry "ARM"]
[SourceTitle "playchess.com"]
[Source "ChessBase"]
[SourceQuality "1"]

{[%evp 23,30,57,74,-10,0,-29,-30,-23,-24]} 1. d4 Nf6 2. Nf3 d5 3. c4 e6 4. Nc3 Be7 5. Bg5 O-O 6. e3 h6 7. Bxf6 Bxf6 8. Rc1 b6 9. cxd5 exd5 10. Bd3 Be6 11. O-O c5 12. dxc5 bxc5 13. Na4 {D55: Queen's Gambit Declined: 4 Bg5 Be7: Lines without ...h6 and 6...h6 7 Bxf6.} ({White should play} 13. e4 $16) 13... c4 $11 14. Be2 Nc6 15. b3 {[%cal Rb3c4] [#]} Qa5 $146 {A rather calm draw.  Weighted Error Value: White=0.49/Black=0.00} ({Predecessor:} 15... Na5 16. Nc5 Rc8 17. Nxe6 fxe6 18. bxc4 Nxc4 19. Qa4 Qc7 20. Nd2 Nb6 21. Rxc7 Nxa4 22. Rxa7 {0-1 (67) Lopez Martinez,J (2448)-Korneev,O (2572) Mislata 2001}) 1/2-1/2

[Event "81st ARM-ch 1st League 2021"]
[Site "Yerevan"]
[Date "2021.02.05"]
[Round "13.2"]
[White "Melkonyan, Arshak"]
[Black "Shahinyan, David"]
[Result "1/2-1/2"]
[WhiteElo "2079"]
[BlackElo "2452"]
[Annotator "TA"]
[PlyCount "81"]
[EventDate "2021.01.20"]
[EventType "tourn"]
[EventCountry "ARM"]
[SourceTitle "playchess.com"]
[Source "ChessBase"]
[SourceQuality "1"]

{[%evp 12,81,12,0,8,-7,0,-20,-4,-22,-17,-32,-34,-24,-29,-47,-14,-19,9,2,15,4,4,11,10,5,6,3,12,1,5,2,26,38,35,42,28,39,77,0,0,0,0,0,0,0,0,-12,0,0,0,-37,-37,-558,0,0,0,0,0,0,0,0,78,85,85,85,101,0,0,0,0,0]} 1. Nf3 g6 2. g3 Bg7 3. d4 c5 4. c3 b6 5. Bg2 Bb7 6. O-O Nf6 7. Nbd2 O-O {A49: 1 d4 Nf6 2 Nf3 g6 3 g3: Anti-King's Indian systems.} 8. Re1 d5 9. Ne5 Nbd7 10. Ndf3 Ne4 11. Bf4 f6 12. Nxd7 Qxd7 {[#]} 13. Nd2 $146 ({Predecessor:} 13. a4 Bc6 14. a5 c4 15. Nd2 e5 16. Be3 Nxd2 17. Qxd2 e4 18. f3 f5 19. Ra3 Ba4 20. axb6 axb6 21. Bh6 Rae8 22. fxe4 fxe4 23. Raa1 Rf7 24. Rf1 {½-½ (24) Pribyl,J (2432)-Kabanov,N (2514) Pardubice 2006}) 13... Nxd2 (13... Ng5 {keeps more tension.} 14. dxc5 Nh3+ 15. Bxh3 Qxh3 16. Qb3 e5) 14. Qxd2 g5 15. Be3 c4 16. f3 h6 17. Bf2 e5 18. e4 dxe4 19. fxe4 exd4 20. Bxd4 f5 21. Rad1 f4 22. Qe2 {Strongly threatening gxf4.} Qe6 23. Bxg7 Kxg7 24. Rd4 b5 25. gxf4 ({Better is} 25. Red1 $16 {Threatens to win with gxf4.} Qb6 26. Kh1) 25... Rxf4 $11 26. e5 Rxd4 27. cxd4 Bxg2 28. Qxg2 {[%mdl 4096] Endgame KQR-KQR} Rd8 29. Rd1 b4 30. Qe4 c3 31. d5 {[#]} c2 $1 32. Qxc2 {[%mdl 8192]} (32. Rc1 $1 $15 Qxd5 33. Qxc2) 32... Rxd5 $2 (32... Qg4+ $19 33. Kh1 Qf3+ 34. Kg1 Qg4+ 35. Kh1 Qf3+ 36. Kg1 Rf8) 33. Qc7+ Kg6 34. Qc2+ Kg7 35. Qc7+ Kg6 36. Qc2+ Kh5 {[#]} (36... Kg7 $11 {keeps the balance.} 37. Qc7+) 37. Qe2+ $1 $16 g4 38. Rxd5 Qxd5 39. e6 (39. h3 $1 $16 {[%csl Gh3][%cal Re2g4]} Kg6 40. Qxg4+ Kf7 41. Qf4+ (41. Qxb4 Qxe5 42. Qd2 h5 $16) 41... Ke8 42. Kf2 (42. Qxh6 Qxe5 43. Qc6+ Ke7 $14)) 39... Qc5+ $11 40. Kf1 {Black must now prevent e7.} Qc1+ $1 41. Kg2 {Weighted Error Value: White=0.27/Black=0.21} 1/2-1/2

[Event "81st ARM-ch 1st League 2021"]
[Site "Yerevan"]
[Date "2021.02.05"]
[Round "13.4"]
[White "Ohanyan, Emin"]
[Black "Barseghyan, Armen Ar."]
[Result "1/2-1/2"]
[WhiteElo "2255"]
[BlackElo "2362"]
[Annotator "TA"]
[PlyCount "63"]
[EventDate "2021.01.20"]
[EventType "tourn"]
[EventCountry "ARM"]
[SourceTitle "playchess.com"]
[Source "ChessBase"]
[SourceQuality "1"]

{[%evp 16,63,7,0,20,20,23,22,31,20,22,10,7,6,6,12,12,5,16,0,14,14,19,21,20,15,15,15,24,12,20,19,22,19,29,24,30,13,35,14,56,57,66,33,31,0,62,0,33,0]} 1. e4 e5 2. Nf3 Nc6 3. Nc3 d6 4. Bc4 Be7 5. d4 exd4 6. Nxd4 Nf6 7. f3 O-O 8. Nxc6 bxc6 9. O-O Nd7 {C50: Hungarian Defence and Giuoco Pianissimo.} 10. Be3 Bf6 11. Qd2 {[#]} a5 $146 {The position is equal.} ({Predecessor:} 11... Nb6 12. Bb3 Be6 13. Rfd1 Nc4 14. Bxc4 Bxc4 15. b3 Be6 16. Rab1 Qe7 17. Na4 Rfd8 {0-1 (28) Gabor,A (1976)-Demeter,T (1995) Hungary 2007}) 12. Rad1 a4 13. Bd4 Bxd4+ 14. Qxd4 Qf6 15. Qxf6 Nxf6 16. f4 Nd7 17. Rfe1 Nb6 18. Be2 Re8 19. Bf3 Bb7 20. b3 axb3 21. axb3 Kf8 22. Ra1 f6 23. Kf2 Nd7 24. Red1 Ke7 25. g3 Reb8 26. Re1 Kd8 27. Bg4 c5 28. Rad1 Ke7 29. Nd5+ Kd8 30. Nc3 Ke7 $1 31. Nd5+ Kd8 32. Nc3 {Weighted Error Value: White=0.10/Black=0.06} 1/2-1/2

[Event "81st ARM-ch 1st League 2021"]
[Site "Yerevan"]
[Date "2021.02.05"]
[Round "13.5"]
[White "Harutyunian, Tigran K."]
[Black "Sargsyan, Anna M."]
[Result "1-0"]
[WhiteElo "2549"]
[BlackElo "2402"]
[Annotator "TA"]
[PlyCount "41"]
[EventDate "2021.01.20"]
[EventType "tourn"]
[EventCountry "ARM"]
[SourceTitle "playchess.com"]
[Source "ChessBase"]
[SourceQuality "1"]

{[%evp 11,41,16,28,18,30,26,30,31,39,37,46,36,37,35,45,41,54,38,60,66,115,97,91,102,145,134,143,138,157,153,191,185]} 1. d4 d5 2. c4 c6 3. Nf3 Nf6 4. e3 Bg4 5. h3 Bxf3 6. Qxf3 e6 7. a3 {7.Bd3 is setting a new trend. D11: Slav Defence: 3 Nf3 sidelines and 3...Nf6 4 e3 Bg4.} Nbd7 8. Nc3 Bd6 9. g4 {White has an edge.} h6 10. h4 Qe7 11. Bd2 {[#]} O-O-O $146 ({Predecessor:} 11... Nf8 12. O-O-O O-O-O 13. c5 Bc7 14. b4 e5 15. b5 e4 16. Qe2 Kd7 17. Bh3 Ne6 18. bxc6+ bxc6 {1-0 (93) Braun,A (2609)-Sharapov,E (2380) chess.com INT 2020}) 12. O-O-O Kb8 13. Kb1 dxc4 14. Bxc4 Nb6 15. Bb3 Rhf8 16. g5 hxg5 17. hxg5 Nfd5 18. Ne4 {White is clearly better.} Bc7 19. Rh7 g6 20. Rdh1 Rde8 21. Rg7 {Weighted Error Value: White=0.01/Black=0.14} 1-0

[Event "81st ARM-ch 1st League 2021"]
[Site "Yerevan"]
[Date "2021.02.05"]
[Round "13.6"]
[White "Hayrapetyan, Hovik"]
[Black "Davtyan, Artur"]
[Result "1-0"]
[WhiteElo "2488"]
[BlackElo "2466"]
[Annotator "TA"]
[PlyCount "69"]
[EventDate "2021.01.20"]
[EventType "tourn"]
[EventCountry "ARM"]
[SourceTitle "playchess.com"]
[Source "ChessBase"]
[SourceQuality "1"]

{[%evp 27,69,9,20,5,35,35,50,55,41,4,8,0,26,0,29,26,35,43,33,1,86,0,0,0,0,0,95,56,228,241,227,220,684,683,712,640,634,625,582,583,5257,5257,29997,29998]} 1. c4 e6 2. Nf3 Nf6 3. Nc3 d5 4. d4 c6 5. e3 Nbd7 6. Bd3 dxc4 7. Bxc4 b5 8. Bd3 a6 9. e4 c5 10. e5 cxd4 11. Nxb5 axb5 12. exf6 gxf6 13. O-O Qb6 14. Qe2 b4 15. a4 {D49: Semi-Slav: Meran System: Main line with 9 e4 c5 10 e5 cxd4 11 Nxb5.} Bc5 (15... bxa3 $5 16. bxa3 Bc5 $15) 16. Bf4 {[%mdl 1024] White has compensation.} Bb7 17. Rfc1 {White is slightly better.} h5 {[#]} 18. Bb5 $146 ({Predecessor:} 18. Bg3 Kf8 19. Bb5 Ba6 20. Qe4 Ra7 21. Bxa6 Rxa6 22. Rc4 e5 23. Nh4 Qc6 24. Qc2 {0-1 (47) Obodchuk,A (2413)-Smith,A (2384) Vladimir 2007}) 18... Ke7 $1 19. Nh4 Kd8 20. Bg3 (20. Qd3 $5 {[%cal Ra4a5]} Ra5 21. Qg3 $11) 20... Bd5 21. Nf3 Ra7 22. Bh4 {And now a5! would win.} Rh6 $1 23. Bd3 Bd6 (23... Ke7 $11 {keeps the balance.}) 24. a5 (24. Qc2 Bf4 $17) ({White should play} 24. Be4 $1 $16 {[%cal Re4d5]}) 24... Rxa5 $11 25. Rxa5 Qxa5 26. Nxd4 {Black must now prevent Qe3.} Bf4 (26... Qb6 $11 27. Qe3 Be5 28. Qxh6 Qxd4 {[%mdl 64] Double Attack} 29. Qh8+ Ke7) 27. Rd1 $1 $16 Qa8 $2 {A mistake that costs the game.} (27... Be5 $1 $14 28. Bb5 Bxd4 29. Rxd4 Qb6 30. Rxb4 Rg6) 28. Bc4 $1 $18 {[%cal Rc4d5] Strongly threatening Bxd5.} Rg6 {[#]} ({Reject} 28... Bxg2 29. Bxe6 (29. Nxe6+ fxe6 30. Rxd7+ Kxd7 $11) 29... Bh1 30. f3 $1 $18) 29. g3 Ke8 $2 {[#]} (29... Be5) 30. Nxe6 $1 {[%mdl 512]} Bxc4 (30... Bxe6 31. Bxe6) 31. Qxc4 Be5 32. Nc5 ({Weaker is} 32. Nc7+ Bxc7 33. Rxd7 (33. Qxc7 Ne5 $11) 33... Qa1+ 34. Kg2 Kxd7 $16) 32... Nxc5 33. Qxc5 Rg4 34. f4 Bb8 35. Qc8+ {Weighted Error Value: White=0.11/Black=0.71} 1-0

[Event "81st ARM-ch 1st League 2021"]
[Site "Yerevan"]
[Date "2021.02.05"]
[Round "13.7"]
[White "Danielyan, Vahe"]
[Black "Mikaelyan, Arman"]
[Result "0-1"]
[WhiteElo "2357"]
[BlackElo "2485"]
[Annotator "TA"]
[PlyCount "82"]
[EventDate "2021.01.20"]
[EventType "tourn"]
[EventCountry "ARM"]
[SourceTitle "playchess.com"]
[Source "ChessBase"]
[SourceQuality "1"]

{[%evp 9,82,6,12,12,13,7,0,20,35,0,14,-33,17,-100,-51,-36,-61,-43,-64,-45,-39,-87,-18,-69,-30,-49,-13,-31,-30,-38,-33,-92,-95,-90,-95,-95,-89,-277,-289,-285,-250,-282,-266,-305,-285,-263,-251,-415,-394,-481,-462,-505,-484,-566,-555,-532,-549,-540,-541,-536,-481,-713,-711,-691,-435,-446,-647,-912,-867,-1944,-1031,-12841,-12842,-12843,-12844]} 1. e4 c5 2. Nc3 d6 3. d4 cxd4 4. Qxd4 Nc6 5. Qd2 g6 6. b3 {B23: Closed Sicilian: Lines without g3.} Bh6 7. f4 f5 8. Bb2 {The position is equal.} Nf6 {[#]} 9. e5 $146 ({Predecessor:} 9. O-O-O fxe4 10. Kb1 Qa5 11. Nge2 Rf8 12. h3 g5 13. Nd4 gxf4 14. Bb5 Bd7 15. Qe2 {0-1 (36) Jones,G (2670)-Donchenko,A (2646) Playchess.com INT 2020}) 9... Nxe5 {[%cal Bc6e5,Be5g4,Bg4f2][%mdl 32]} 10. O-O-O Bd7 11. Nge2 (11. Nh3 $11 {remains equal.}) 11... Rc8 12. Kb1 Neg4 13. Nd4 {[#]} Rxc3 $1 14. Qxc3 Nf2 15. Bc4 d5 (15... Nxh1 $17 16. Rxh1 Bxf4) 16. Bb5 (16. Nb5 $1 $11 Nxh1 17. Qe1) 16... Bxb5 (16... Nxh1 $2 17. Ne6 $18) 17. Nxb5 {Strongly threatening Rxd5!} O-O 18. Qe5 {Qe6+ is the strong threat.} Qd7 $36 {[%mdl 2048] Black is pushing.} 19. Nc7 {[%cal Rd1d5]} Kf7 (19... Nxd1 $6 20. Rxd1 Kf7 21. Nxd5 $14) 20. Rhe1 (20. Nxd5 $15 Nxh1 21. Ne3) 20... Nxd1 $17 21. Rxd1 {[%cal Rc7d5]} Ng4 22. Qxd5+ Qxd5 23. Rxd5 {This move loses the game for White.} (23. Nxd5 $17 Rd8 24. h3) 23... Bxf4 $19 24. Rd7 Rc8 (24... Bxh2 25. Ba3 $17) 25. Nb5 a6 ({Weaker is} 25... Nxh2 26. Ba3 $17) 26. Nc3 Rc7 ({Not} 26... Nxh2 27. Ne2 $17) 27. Rd8 Nf6 ({Resist} 27... Bxh2 28. Nd5 $19) 28. Rh8 $2 (28. g3 Bd6 29. Ne2) 28... Rd7 29. g3 Be5 {Black is clearly winning.} 30. a4 Nd5 31. Rc8 {intending Nxd5.} Nxc3+ 32. Bxc3 Bxc3 33. Rxc3 {[%mdl 4096] Endgame KR-KR} e5 34. b4 Ke6 35. b5 (35. Kc1 $142 g5 36. Rc8) 35... axb5 36. axb5 e4 37. Rc8 g5 38. c4 f4 {White must now prevent ...f3.} 39. gxf4 gxf4 40. c5 f3 41. c6 {[#]} f2 $1 {Weighted Error Value: White=0.85/Black=0.18} 0-1